000 00329nam a2200121Ia 4500
008 231106s2013 xx 000 0 und d
041 _aeng
082 _a741.2
100 _aRICHARD BOX
245 _aA WATERCOLOUR A DAY: 365 TIPS & IDEAS FOR IMPROVING YOUR SKILLS & CREATIVITY
260 _bSEARCH PRESS
_c2013
300 _aP-48
999 _c920114
_d920114